Statystyki dla Mieszkańcy zagraniczni w Warszawie

Kliknij tutaj aby rozwiązać quiz!

Ogólne statystyki

  • Ten quiz został rozwiązany 1 065 razy
  • Średni wynik to 14 z 20

Statystyki odpowiedzi

Pop.Kraj% Poprawnych
14,765Ukraina
98%
760Niemcy
97%
1,882Rosja
95%
3,448Białoruś
87%
254Czechy
87%
312Litwa
82%
1,080Francja
81%
425Stany Zjednoczone
80%
551Hiszpania
77%
818Wielka Brytania
76%
891Włochy
75%
1,000Chiny
72%
377Szwecja
65%
306Węgry
58%
845Turcja
56%
352Rumunia
52%
1,837Indie
47%
2,957Wietnam
35%
282Bułgaria
32%
279Korea Południowa
30%

Rozkład punktacji

Percentyl według liczby udzielonych odpowiedzi

Procent ludzi z każdym wynikiem

Twoja historia wyników

Nie rozwiązałeś tego quizu